Současný stav a záměry dalšího rozvoje zelinářského semenářství v České socialistické republice

Podrobná bibliografia
Hlavný autor: Novák, Miroslav (Autor)
Médium: Článok
Jazyk:čeština
Predmet:

MARC

LEADER 00000nab a2200000 a 4500
001 vtls000177107
003 SK-MaSNL
005 20260305020106.0
008 160201c1984 xo 0 cze
015 |a SNBRB19rr/mm-uuuuu 
035 |a CL0187220 
040 |a SNKBUCL  |b slo  |c SNKBUCL  |e AACR2 
041 0 |a cze 
044 |a xo  |c SK 
080 |a 635.1/.8:631.53.02  |2 1981 
080 |a 631.53.02  |2 1981 
100 1 |a Novák, Miroslav  |4 aut  |9 290942 
245 1 0 |a Současný stav a záměry dalšího rozvoje zelinářského semenářství v České socialistické republice  |c Miroslav Novák 
650 0 7 |a semenárstvo  |2 snkbucl  |9 22375 
650 0 7 |a osivo  |2 snkbucl  |9 18230 
655 7 |a články z novín a časopisov  |2 snkbucl  |9 267496 
773 0 |t Záhradníctvo  |g Roč. 9, č. 3 (1984), s. 97-99 
850 |a Slovenská národná knižnica v Martine  |a MTA001 
852 |a SNK  |b KIS3GCP 
958 |a RK 
958 |a CZ 
992 |a RBX 
999 |c 3278739  |d 3280669